00376nam a2200133Ia 4500100002500000942000700025654002200032245002200054260003100076300000800107546001200115999001700127952009800144 aDesphande/ Kulkarni  cBK aApplied Mechanics aApplied Mechanics bPragati PrakashanaBombay a281 aENGLISH c19306d19306 001040708AFTaCRCEbCRCEc1467 | 42d2023-03-17l0o pAFT7020r2023-03-17w2023-03-17yBK